Statystyki dla Geografia Morza Śródziemnego na mapie

Kliknij tutaj aby rozwiązać quiz!

Ogólne statystyki

  • Ten quiz został rozwiązany 113 razy
    (70 od ostatniego zresetowania)
  • Średni wynik to 21 z 35

Odpowiedzi na mapie

Odpowiedzi skodowane kolorowo w zielono-czerwonej skali na mapie do tego quizu, zgodnie z poniższymi procentami.
 

Statystyki odpowiedzi

GrupaOdpowiedź% Poprawnych
IslandsCypr
90%
CitiesAteny
89%
IslandsSardynia
87%
IslandsSycylia
87%
CitiesBarcelona
83%
CitiesNeapol
83%
RiversNil
83%
CitiesTunis
81%
TerritoriesGibraltar
79%
IslandsKorsyka
79%
IslandsKreta
79%
SeasAdriatyckie
78%
SeasEgejskie
75%
IslandsMajorka
73%
CitiesWenecja
73%
CitiesAleksandria
68%
CitiesTrypolis
68%
IslandsIbiza
62%
IslandsRodos
62%
SeasJońskie
60%
CitiesTel Awiw
59%
TerritoriesCeuta
52%
RiversPad
51%
SeasTyrreńskie
49%
IslandsMinorka
48%
TerritoriesStrefa Gazy
43%
TerritoriesMelilla
41%
RiversRodan
40%
IslandsKrk
37%
CoastlinesLazurowe
Wybrzeże
37%
SeasBalearskie
35%
CoastlinesDalmacja
27%
CoastlinesCosta Brava
17%
CoastlinesCosta del Sol
17%
CoastlinesRiwiera Włoska
10%

Rozkład punktacji

Percentyl według liczby udzielonych odpowiedzi

Procent ludzi z każdym wynikiem

Twoja historia wyników

Nie rozwiązałeś tego quizu od ostatniego zresetowania